000 00626nam a2200193Ia 4500
005 20250508153951.0
008 008 250505s9999 xx 000 0 eng d
037 _aTextual
040 _aFEDL
_beng
_cFEDL
041 _aeng
_2eng
084 _a378.73, UNI
_qFEDL
100 _aHollis Ernest V
245 0 _aSurvey of state legislation relating to higher education July 1, 1957, to June 30, 1958
260 _aWashington, USA
_bU.S. Government Printing Office
_c1959
300 _aiv,115p.
700 _a Land William G Martorana S V
_9764774
942 _cTEXL
_h378.73, UNI
999 _c1346689
_d1346689